000 00282nam a22001337a 4500
008 170215b xxu||||| |||| 00| 0 eng d
020 _a9780078726545
041 _aeng
080 _a61
100 _a4
101 _aSHM
245 _aGLENCOE HEALTH
_cBRONSON, M.H
942 _2udc
_cBK
999 _c5503
_d5503